[Event "106149 XI. Rakosmente Open"]
[Site "Budapest, Hungary"]
[Date "2015.01.10"]
[Round "4.3"]
[White "Szoukup, Istvan"]
[Black "Halasz, Daniel"]
[Result "1-0"]
[WhiteElo "1704"]
[BlackElo "1466"]
[PlyCount "101"]
[EventDate "2015.??.??"]

1. e4 e5 2. Nf3 Nf6 3. Nxe5 d6 4. Nf3 Nxe4 5. Nc3 Nxc3 6. dxc3 Nc6 7. Be2 Be7
8. O-O O-O 9. Re1 Bf5 10. Be3 Re8 11. Nd4 Nxd4 12. cxd4 d5 13. Bd3 Qd7 14. c3
c6 15. Qc2 Bxd3 16. Qxd3 Bd6 17. Re2 Re7 18. Rae1 Rae8 19. b4 b5 20. a4 a6 21.
Ra1 f5 22. Rae1 f4 23. Bd2 Rxe2 24. Rxe2 Rxe2 25. Qxe2 h6 26. a5 Kh7 27. g3
fxg3 28. hxg3 Be7 29. Qd3+ Kg8 30. Qg6 Kh8 31. f4 Bf6 32. f5 Qe7 33. Kf2 Bg5
34. Bxg5 Qxg5 35. Kf3 Qf6 36. Qe8+ Kh7 37. g4 Qd6 38. Qe5 Qd7 39. Kf4 Qb7 40.
Qe6 Qc7+ 41. Qe5 Qb7 42. Qd6 Qc8 43. Ke5 Qe8+ 44. Kf4 Qc8 45. Qg6+ Kh8 46. f6
Qf8 47. f7 Qb8+ 48. Kf5 Qc8+ 49. Qe6 g6+ 50. Kf6 Qd8+ 51. Qe7 1-0

[Event "106149 XI. Rakosmente Open"]
[Site "Budapest, Hungary"]
[Date "2015.01.10"]
[Round "4.4"]
[White "Horvath, Aron Balazs"]
[Black "Szoukup, Helga"]
[Result "1-0"]
[WhiteElo "1520"]
[BlackElo "1898"]
[PlyCount "45"]
[EventDate "2015.??.??"]

1. e4 c6 2. d4 d5 3. exd5 cxd5 4. c4 Nf6 5. Nc3 Nc6 6. cxd5 Nxd5 7. Bb5 Nxc3 8.
bxc3 Bd7 9. Nf3 Qa5 10. Ba4 Qxc3+ 11. Bd2 Qd3 12. Rb1 b6 13. Rb3 Qe4+ 14. Re3
Qg4 15. d5 Na5 16. Bxd7+ Qxd7 17. Bxa5 bxa5 18. O-O Rd8 19. Ne5 Qb5 20. Qc2 e6
21. Rb1 Qxd5 22. Qa4+ Rd7 23. Rd3 1-0

[Event "106149 XI. Rakosmente Open"]
[Site "Budapest, Hungary"]
[Date "2015.01.10"]
[Round "4.5"]
[White "Geher, Koppany"]
[Black "Szabo, Mihaly"]
[Result "1/2-1/2"]
[WhiteElo "1395"]
[BlackElo "1486"]
[PlyCount "36"]
[EventDate "2015.??.??"]

1. e4 e6 2. d4 d5 3. Nc3 Bb4 4. e5 c5 5. a3 Bxc3+ 6. bxc3 c4 7. Be2 Ne7 8. f4
Nf5 9. Nf3 g6 10. O-O Nc6 11. Bd2 Nce7 12. Qe1 Nc6 13. Kh1 h6 14. Rg1 b6 15.
Rb1 Ba6 16. Rb2 Qe7 17. a4 Qa3 18. Qa1 Qxa1 1/2-1/2

[Event "106149 XI. Rakosmente Open"]
[Site "Budapest, Hungary"]
[Date "2015.01.10"]
[Round "4.6"]
[White "Palczert, Miklos Dr"]
[Black "Csomor, Gabor"]
[Result "1-0"]
[WhiteElo "1766"]
[BlackElo "1762"]
[PlyCount "61"]
[EventDate "2015.??.??"]

1. e4 e6 2. d4 d5 3. Nc3 Bb4 4. e5 c5 5. a3 Ba5 6. Qg4 Ne7 7. Qxg7 Rg8 8. Qxh7
cxd4 9. b4 dxc3 10. bxa5 Nbc6 11. Nf3 Qxa5 12. Ng5 Rf8 13. f4 Bd7 14. Be2 Ng6
15. Nxf7 Rxf7 16. Qxg6 Qc5 17. Bh5 Qf8 18. Qxf7+ Qxf7 19. Bxf7+ Kxf7 20. Rb1
Na5 21. h4 Rg8 22. Kf2 Bc6 23. Rh2 Ba4 24. Be3 Bxc2 25. Rc1 Be4 26. Rxc3 Nc6
27. h5 d4 28. Bxd4 Nxd4 29. Rc7+ Kf8 30. Rc4 Rg4 31. Rxd4 1-0

[Event "106149 XI. Rakosmente Open"]
[Site "Budapest, Hungary"]
[Date "2015.01.10"]
[Round "4.8"]
[White "Csermely, Zoltan"]
[Black "Horvath, Zoltan"]
[Result "1-0"]
[WhiteElo "1652"]
[BlackElo "1406"]
[PlyCount "129"]
[EventDate "2015.??.??"]

1. Nf3 Nf6 2. c4 c5 3. Nc3 Nc6 4. g3 g6 5. a3 a6 6. e3 e5 7. Nd5 Bg7 8. Rb1 d6
9. d3 Nxd5 10. cxd5 Ne7 11. e4 O-O 12. h3 b5 13. Bd2 f5 14. Qc1 fxe4 15. Nh4
Nxd5 16. Bg2 Rb8 17. Bxe4 Ne7 18. Bg5 Bf6 19. Bxf6 Rxf6 20. Qg5 Qf8 21. Rh2 Bb7
22. g4 Bxe4 23. dxe4 c4 24. Nf5 Nxf5 25. gxf5 Rb7 26. Rd1 Rg7 27. Rg2 Rff7 28.
Qh6 Rf6 29. h4 Rff7 30. fxg6 hxg6 31. Rxg6 Rxg6 32. Qxg6+ Rg7 33. Qe6+ Kh8 34.
Qh6+ Kg8 35. Rxd6 a5 36. Qe6+ Kh7 37. Qxe5 b4 38. Qh5+ Kg8 39. Rg6 bxa3 40.
bxa3 Qxa3 41. Rxg7+ Kxg7 42. Qe5+ Kh6 43. Qe6+ Kh5 44. Qxc4 Qb4+ 45. Qxb4 axb4
46. f4 b3 47. Kd2 b2 48. Kc2 b1=Q+ 49. Kxb1 Kxh4 50. Kc2 Kg4 51. f5 Kg5 52. Kd3
Kf6 53. Kd4 Ke7 54. e5 Kd7 55. Kd5 Ke7 56. f6+ Kf7 57. Kd6 Ke8 58. e6 Kd8 59.
f7 Kc8 60. f8=Q+ Kb7 61. Qf5 Kb6 62. e7 Kb7 63. e8=Q Ka7 64. Qa5+ Kb7 65. Qea8#
1-0

[Event "106149 XI. Rakosmente Open"]
[Site "Budapest, Hungary"]
[Date "2015.01.10"]
[Round "4.9"]
[White "Bertalan, Sandor"]
[Black "Csajbok, Levente Tamas"]
[Result "0-1"]
[WhiteElo "1308"]
[BlackElo "1509"]
[PlyCount "98"]
[EventDate "2015.??.??"]

1. e4 e5 2. Nf3 Nc6 3. Nc3 Nf6 4. Bc4 Nxe4 5. Nxe4 d5 6. Bxd5 Qxd5 7. Nc3 Qa5
8. a3 Bg4 9. d3 Nd4 10. Bd2 Qb6 11. Nd5 Qd6 12. c4 c6 13. Bb4 Qd8 14. Bxf8 Rxf8
15. Ne3 Bxf3 16. gxf3 Qf6 17. Kf1 Qxf3 18. Rg1 Qxd1+ 19. Rxd1 g6 20. b4 Rb8 21.
c5 Kd7 22. Nc4 f6 23. Rg3 b6 24. Rh3 Rf7 25. Nd6 Re7 26. Ne4 Rf8 27. Rc1 Ne6
28. a4 f5 29. Nd6 bxc5 30. bxc5 Nxc5 31. Rxc5 Kxd6 32. Ra5 Rf6 33. Re3 g5 34.
d4 e4 35. Ke2 Rb7 36. Rc3 h5 37. Ra6 Rc7 38. Rc5 h4 39. Ke3 Ke7 40. d5 Kd7 41.
Kd4 Rd6 42. Ke5 Rxd5+ 43. Rxd5+ cxd5 44. Rd6+ Ke8 45. Kxd5 Rf7 46. Rg6 Kf8 47.
Ke6 f4 48. Rxg5 e3 49. Rf5 Rxf5 0-1

[Event "106149 XI. Rakosmente Open"]
[Site "Budapest, Hungary"]
[Date "2015.01.11"]
[Round "5.1"]
[White "Berta, Sandor"]
[Black "Szoukup, Istvan"]
[Result "1-0"]
[WhiteElo "2061"]
[BlackElo "1704"]
[PlyCount "77"]
[EventDate "2015.??.??"]

1. e4 e5 2. Bc4 Nf6 3. d3 Bc5 4. Nf3 Nc6 5. a3 O-O 6. Nc3 d6 7. h3 Be6 8. Nd5
Nd4 9. Bg5 Bxd5 10. exd5 c6 11. c3 h6 12. cxd4 hxg5 13. dxc5 cxd5 14. Ba2 e4
15. dxe4 dxe4 16. Nxg5 dxc5 17. Qxd8 Raxd8 18. Rd1 Rd4 19. O-O Rfd8 20. Nxf7
Rf8 21. Ng5+ Kh8 22. Ne6 Rxd1 23. Rxd1 Re8 24. Rd8 Rxd8 25. Nxd8 b5 26. Be6 Ne8
27. Nf7+ Kh7 28. Ng5+ Kh6 29. Nxe4 c4 30. Bf7 Nc7 31. Kf1 g6 32. Nd6 Kg7 33.
Ne8+ Nxe8 34. Bxe8 a6 35. Ke2 Kf6 36. Ke3 g5 37. Ke4 Ke6 38. g3 Kd6 39. h4 1-0

[Event "106149 XI. Rakosmente Open"]
[Site "Budapest, Hungary"]
[Date "2015.01.11"]
[Round "5.2"]
[White "Timko, Gyula"]
[Black "Gubics, Peter"]
[Result "0-1"]
[WhiteElo "1622"]
[BlackElo "2120"]
[PlyCount "86"]
[EventDate "2015.??.??"]

1. d4 Nf6 2. Nf3 g6 3. Bg5 Bg7 4. Nbd2 d5 5. e3 O-O 6. Ne5 c5 7. Bxf6 Bxf6 8.
c3 Nc6 9. f4 Bf5 10. Be2 Qb6 11. Qb3 c4 12. Qxb6 axb6 13. O-O b5 14. g4 Bc8 15.
Bf3 Rd8 16. h3 Bg7 17. Nxc6 bxc6 18. e4 c5 19. e5 cxd4 20. cxd4 Ra7 21. Bg2 b4
22. Kh2 Bb7 23. a4 Rda8 24. a5 e6 25. f5 gxf5 26. gxf5 Bh6 27. Nf3 Rxa5 28.
Rab1 exf5 29. Rg1 Be3 30. Rge1 Bf4+ 31. Kh1 Bc8 32. Rf1 Be3 33. Rbe1 f4 34. Ng1
Be6 35. Ne2 Ra2 36. Nxf4 Bxf4 37. Rxf4 Rxb2 38. Rg1 Kh8 39. Rf3 Raa2 40. Rg3 b3
41. h4 Bf5 42. Kh2 Be4 43. Kh3 Rxg2 0-1

[Event "106149 XI. Rakosmente Open"]
[Site "Budapest, Hungary"]
[Date "2015.01.11"]
[Round "5.3"]
[White "Horvath, Aron Balazs"]
[Black "Csiki, Endre"]
[Result "1-0"]
[WhiteElo "1520"]
[BlackElo "1658"]
[PlyCount "145"]
[EventDate "2015.??.??"]

1. e4 c5 2. Na3 Nc6 3. Bb5 Qc7 4. d3 Nd4 5. c3 Nxb5 6. Nxb5 Qb8 7. d4 a6 8. Na3
e6 9. Nc2 b5 10. Nf3 Bb7 11. Qe2 Be7 12. e5 d6 13. Bf4 d5 14. O-O c4 15. Ng5
Nh6 16. Qh5 O-O 17. Ne3 Qe8 18. Ng4 Bxg5 19. Bxg5 Nxg4 20. Qxg4 Kh8 21. f4 Bc8
22. Qh4 Ra7 23. Rf3 f6 24. exf6 Qg6 25. fxg7+ Rxg7 26. Rg3 Qf5 27. Be7 Rxg3 28.
Qxg3 Rg8 29. Qh4 Rg4 30. Qf6+ Kg8 31. Qxf5 exf5 32. Bd6 h5 33. Re1 Kf7 34. Re7+
Kf6 35. Rc7 Ke6 36. Be5 Bd7 37. Kf2 Rg8 38. Ra7 Bc8 39. Rh7 a5 40. Rxh5 b4 41.
Rh6+ Ke7 42. cxb4 a4 43. a3 Bd7 44. Kf3 Rc8 45. Bd6+ Kf7 46. Bc5 Re8 47. Kf2 c3
48. bxc3 Bb5 49. Rb6 Bc4 50. Rb7+ Kg6 51. Re7 Rc8 52. h3 Kf6 53. g4 Rxc5 54.
dxc5 Kxe7 55. g5 Bb5 56. Ke3 Be8 57. Kd4 Ke6 58. c4 dxc4 59. Kxc4 Kd7 60. b5
Kc7 61. Kb4 Kb7 62. Kxa4 Ka7 63. Kb4 Kb7 64. a4 Ka7 65. a5 Kb7 66. a6+ Kb8 67.
b6 Bd7 68. Ka5 Be8 69. h4 Ka8 70. h5 Bxh5 71. c6 Kb8 72. a7+ Ka8 73. c7 1-0

[Event "106149 XI. Rakosmente Open"]
[Site "Budapest, Hungary"]
[Date "2015.01.11"]
[Round "5.4"]
[White "Geher, Koppany"]
[Black "Palczert, Miklos Dr"]
[Result "0-1"]
[WhiteElo "1395"]
[BlackElo "1766"]
[PlyCount "106"]
[EventDate "2015.??.??"]

1. e4 e5 2. Nf3 Nc6 3. Bc4 Bc5 4. b4 Bxb4 5. c3 Ba5 6. d4 exd4 7. O-O d6 8. Qb3
Qe7 9. cxd4 Bb6 10. Bb2 Na5 11. Qd3 Nxc4 12. Qxc4 Bd7 13. Nc3 c6 14. Rfe1 Bc7
15. d5 f6 16. dxc6 Bxc6 17. Nd5 Qd7 18. Nd4 O-O-O 19. Rac1 Bxd5 20. exd5 Kb8
21. Ne6 Rc8 22. Qg4 g6 23. Qf3 Qf7 24. Rxc7 Rxc7 25. Nxc7 Kxc7 26. Re6 Nh6 27.
Qxf6 Qxf6 28. Bxf6 Rc8 29. Re7+ Kb8 30. h3 Rc5 31. Rxh7 Nf5 32. g4 Rxd5 33.
gxf5 Rxf5 34. Be7 d5 35. Rh8+ Kc7 36. Rh4 Kc6 37. a4 b5 38. axb5+ Kxb5 39. Rg4
Re5 40. Rxg6 Rxe7 41. Rg4 a5 42. h4 a4 43. Rd4 Re5 44. Rd1 a3 45. Rb1+ Ka4 46.
Rb8 a2 47. Ra8+ Kb3 48. Rb8+ Kc2 49. Rc8+ Kd2 50. Ra8 Re1+ 51. Kg2 a1=Q 52.
Rxa1 Rxa1 53. h5 Ke2 0-1

[Event "106149 XI. Rakosmente Open"]
[Site "Budapest, Hungary"]
[Date "2015.01.11"]
[Round "5.5"]
[White "Csajbok, Levente Tamas"]
[Black "Palczert, Botond"]
[Result "0-1"]
[WhiteElo "1509"]
[BlackElo "1473"]
[PlyCount "114"]
[EventDate "2015.??.??"]

1. e4 c5 2. Nc3 d6 3. g3 Nc6 4. Bg2 g6 5. d3 Bg7 6. f4 e6 7. Nf3 Nge7 8. Be3
Nd4 9. Qd2 O-O 10. O-O Bd7 11. Nd1 Qb6 12. c3 Nxf3+ 13. Bxf3 Nc6 14. Nf2 a5 15.
Rfd1 e5 16. Bg2 Be6 17. Bh3 Bxh3 18. Nxh3 f6 19. Rab1 Qc7 20. Qg2 b5 21. Rf1
Bh6 22. g4 Bg7 23. g5 Qd7 24. Qg3 f5 25. Nf2 b4 26. Kg2 Ra7 27. Rbc1 Rc7 28. h4
Qe6 29. Ra1 Rb7 30. Rh1 Rff7 31. Qf3 Bh8 32. exf5 Qxf5 33. Qxc6 exf4 34. Bd2
f3+ 35. Kf1 Rbe7 36. Re1 Rxe1+ 37. Bxe1 Qe6 38. Qe4 Qxa2 39. Rh3 Qxb2 40. Rxf3
Rxf3 41. Qxf3 Qa2 42. Qe3 Qf7 43. cxb4 axb4 44. Qe4 Bd4 45. Kg2 b3 46. Qa8+ Kg7
47. Qb8 b2 48. Nd1 Qd5+ 49. Kh2 Qe5+ 50. Bg3 Qe2+ 51. Bf2 Bxf2 52. Qc7+ Kg8 53.
Qd8+ Kf7 54. Qf6+ Ke8 55. Qh8+ Kd7 56. Qg7+ Kc6 57. Qf6 Bd4+ 0-1

[Event "106149 XI. Rakosmente Open"]
[Site "Budapest, Hungary"]
[Date "2015.01.11"]
[Round "5.6"]
[White "Szabo, Mihaly"]
[Black "Posztos, Marcell"]
[Result "1/2-1/2"]
[WhiteElo "1486"]
[BlackElo "1499"]
[PlyCount "118"]
[EventDate "2015.??.??"]

1. Nf3 d5 2. d4 Nf6 3. g3 g6 4. Bg2 Bg7 5. O-O O-O 6. c3 c6 7. Re1 Re8 8. Nbd2
Nbd7 9. e4 Nxe4 10. Nxe4 dxe4 11. Rxe4 Nf6 12. Re1 Bg4 13. h3 Bd7 14. Ne5 Nh5
15. Nxd7 Qxd7 16. Qf3 Rad8 17. Bf4 Nxf4 18. Qxf4 Qd6 19. Qxd6 exd6 20. Kf1 Bh6
21. Rad1 Kf8 22. d5 c5 23. c4 Bg7 24. b3 Rxe1+ 25. Rxe1 Re8 26. Rxe8+ Kxe8 27.
Ke2 Bd4 28. g4 g5 29. Be4 h6 30. f3 Ke7 31. f4 gxf4 32. Bf3 Kf6 33. Kd3 Kg5 34.
Ke2 Kh4 35. Bg2 Kg3 36. Be4 Kxh3 37. Kf3 Be5 38. Bf5 Kh4 39. a4 Kg5 40. Bc8 b6
41. Bd7 f6 42. Be6 Kg6 43. Bf5+ Kg5 44. Be6 Bd4 45. Kg2 Kh4 46. Kf3 Be5 47. Bf5
Kg5 48. Be6 h5 49. gxh5 Kxh5 50. Bh3 Kh4 51. Bf1 a5 52. Bd3 Kh3 53. Be2 Kh2 54.
Bd3 Kh3 55. Bf1+ Kh4 56. Bd3 Kg5 57. Be4 f5 58. Bd3 Bd4 59. Bc2 Be5 1/2-1/2

[Event "106149 XI. Rakosmente Open"]
[Site "Budapest, Hungary"]
[Date "2015.01.11"]
[Round "5.7"]
[White "Szoukup, Helga"]
[Black "Csermely, Zoltan"]
[Result "1-0"]
[WhiteElo "1898"]
[BlackElo "1652"]
[PlyCount "93"]
[EventDate "2015.??.??"]

1. g3 d5 2. d4 a5 3. Bg2 Ra6 4. Nf3 h5 5. Qd3 g6 6. Ne5 Bg7 7. Qb5+ c6 8. Qb3
Bxe5 9. dxe5 h4 10. e6 Bxe6 11. Qxb7 hxg3 12. hxg3 Rxh1+ 13. Bxh1 Qb6 14. Qxb6
Rxb6 15. Nc3 f5 16. b3 Nf6 17. Na4 Rb5 18. Bf4 Na6 19. c4 Rb7 20. Bd2 Ne4 21.
Bxe4 fxe4 22. cxd5 cxd5 23. Bxa5 Rb5 24. Bd2 d4 25. Rc1 Kd7 26. Bf4 Bf5 27. Bh6
Kd6 28. Bg7 Kd5 29. Rd1 e5 30. Nc3+ Kc5 31. Nxb5 Kxb5 32. Bxe5 d3 33. exd3 exd3
34. Bd6 Kc6 35. Be7 Kd5 36. b4 Ke6 37. Bf8 Kf7 38. b5 Nc7 39. b6 Na6 40. Bd6
Ke6 41. Bf4 Be4 42. Kd2 Kd7 43. Re1 Bb7 44. Bg5 Bd5 45. Re7+ Kc8 46. Ra7 Nc5
47. Rc7+ 1-0

[Event "106149 XI. Rakosmente Open"]
[Site "Budapest, Hungary"]
[Date "2015.01.11"]
[Round "5.8"]
[White "Halasz, Daniel"]
[Black "Csomor, Gabor"]
[Result "1/2-1/2"]
[WhiteElo "1466"]
[BlackElo "1762"]
[PlyCount "99"]
[EventDate "2015.??.??"]

1. e4 e6 2. d3 d5 3. Nd2 c5 4. g3 Bd6 5. Bg2 Ne7 6. Ngf3 Qc7 7. Qe2 Nbc6 8. O-O
Nb4 9. e5 Nxc2 10. exd6 Qxd6 11. Rb1 Nb4 12. a3 Nbc6 13. Nb3 b6 14. Bf4 Qd7 15.
Ne5 Nxe5 16. Qxe5 f6 17. Qc3 e5 18. Bd2 Ba6 19. Rfe1 Rd8 20. Rbd1 O-O 21. f4 d4
22. Qc2 Ng6 23. fxe5 Nxe5 24. Bf4 Rde8 25. Bxe5 fxe5 26. Nd2 Qf5 27. Ne4 Qg6
28. Rf1 Rxf1+ 29. Rxf1 h6 30. b3 Rf8 31. Qd1 Rxf1+ 32. Bxf1 Bb7 33. Bg2 Bxe4
34. Bxe4 Qg5 35. Bd5+ Kh7 36. Qe1 h5 37. a4 Kh6 38. Be4 a5 39. Kg2 h4 40. Qf2
hxg3 41. hxg3 Qf6 42. Qf5 Qxf5 43. Bxf5 Kg5 44. Be4 Kg4 45. Kf2 g5 46. Kg2 Kh5
47. Kf3 g4+ 48. Kf2 Kg5 49. Bb7 Kf5 50. Bc8+ 1/2-1/2

[Event "106149 XI. Rakosmente Open"]
[Site "Budapest, Hungary"]
[Date "2015.01.11"]
[Round "6.1"]
[White "Gubics, Peter"]
[Black "Horvath, Aron Balazs"]
[Result "1-0"]
[WhiteElo "2120"]
[BlackElo "1520"]
[PlyCount "69"]
[EventDate "2015.??.??"]

1. Nf3 d5 2. c4 c6 3. g3 Nf6 4. Bg2 Bf5 5. cxd5 cxd5 6. Qb3 Qc7 7. Nc3 e6 8. d3
Nc6 9. O-O a6 10. Bf4 Bd6 11. Bxd6 Qxd6 12. Rfe1 d4 13. Nb1 O-O 14. Nbd2 b5 15.
a4 Rab8 16. Rec1 Rfc8 17. axb5 Rxb5 18. Qa4 Rcb8 19. Qxa6 R5b6 20. Qa4 Qb4 21.
Qxb4 Nxb4 22. Nc4 Ra6 23. Rxa6 Nxa6 24. Nxd4 Bg6 25. Nc6 Rb3 26. Ra1 Nc7 27.
Ra7 Nfe8 28. Ne7+ Kf8 29. Nxg6+ hxg6 30. Bc6 Rb8 31. Ne5 Rxb2 32. Bxe8 Nxe8 33.
Rxf7+ Kg8 34. Re7 Nf6 35. e3 1-0

[Event "106149 XI. Rakosmente Open"]
[Site "Budapest, Hungary"]
[Date "2015.01.11"]
[Round "6.2"]
[White "Palczert, Miklos Dr"]
[Black "Berta, Sandor"]
[Result "1/2-1/2"]
[WhiteElo "1766"]
[BlackElo "2061"]
[PlyCount "83"]
[EventDate "2015.??.??"]

1. d4 g6 2. e4 Bg7 3. c4 d6 4. Nc3 Nf6 5. Nf3 O-O 6. Be2 Na6 7. Bg5 h6 8. Bh4
g5 9. Bg3 Nh5 10. Qd2 Nxg3 11. hxg3 c5 12. O-O-O cxd4 13. Nxd4 Qa5 14. Nd5
Qxd2+ 15. Rxd2 Re8 16. Ne3 Nc5 17. f3 Be5 18. Nef5 e6 19. Nxh6+ Kg7 20. Ng4
Bxg3 21. Rdd1 f5 22. Rh7+ Kxh7 23. Nf6+ Kg6 24. Nxe8 Bd7 25. Nc7 Rh8 26. a3 a6
27. b4 Rc8 28. bxc5 Rxc7 29. cxd6 Bxd6 30. Kb2 Ba4 31. Rd2 Be5 32. Kc3 a5 33.
exf5+ exf5 34. Bd3 b5 35. g4 Kf6 36. gxf5 Rc5 37. Re2 Rc7 38. Rd2 Ra7 39. Be2
Rc7 40. Bd3 Rc8 41. Be2 Rc7 42. Bd3 1/2-1/2

[Event "106149 XI. Rakosmente Open"]
[Site "Budapest, Hungary"]
[Date "2015.01.11"]
[Round "6.3"]
[White "Szoukup, Istvan"]
[Black "Timko, Gyula"]
[Result "1-0"]
[WhiteElo "1704"]
[BlackElo "1622"]
[PlyCount "71"]
[EventDate "2015.??.??"]

1. e4 c5 2. Nf3 d6 3. d4 cxd4 4. Nxd4 Nf6 5. Nc3 a6 6. Be3 e6 7. f3 Bd7 8. Bc4
Qc7 9. Bb3 b5 10. Qd2 Nc6 11. g4 Nxd4 12. Bxd4 Bc6 13. h4 e5 14. Be3 Be7 15. h5
b4 16. Nd5 Qb7 17. O-O-O Nxd5 18. Bxd5 a5 19. Bxc6+ Qxc6 20. Qd5 Qxd5 21. Rxd5
Kd7 22. Rhd1 f6 23. Bc5 Ra6 24. a3 bxa3 25. Bxa3 Ke6 26. Rb5 a4 27. Rdd5 Rha8
28. Rb7 Ra5 29. c4 Rc8 30. Rxa5 Rxc4+ 31. Kd2 Rd4+ 32. Ke3 Bd8 33. Rd5 Rxd5 34.
exd5+ Kxd5 35. Rxg7 Bb6+ 36. Kd3 1-0

[Event "106149 XI. Rakosmente Open"]
[Site "Budapest, Hungary"]
[Date "2015.01.11"]
[Round "6.4"]
[White "Palczert, Botond"]
[Black "Halasz, Daniel"]
[Result "1-0"]
[WhiteElo "1473"]
[BlackElo "1466"]
[PlyCount "59"]
[EventDate "2015.??.??"]

1. e4 e5 2. Nc3 Nf6 3. f4 d5 4. fxe5 Nxe4 5. Qf3 Nxc3 6. dxc3 Bc5 7. Bf4 c6 8.
O-O-O b5 9. Qg3 O-O 10. Bh6 g6 11. Bxf8 Kxf8 12. Nf3 a5 13. Ng5 Bg4 14. Nxh7+
Kg7 15. Qxg4 Kxh7 16. Kb1 b4 17. c4 a4 18. h4 b3 19. h5 bxa2+ 20. Ka1 Kg7 21.
hxg6 fxg6 22. Qh3 Kf7 23. Qh7+ Ke6 24. Qxg6+ Kd7 25. Rh7+ Kc8 26. Qe6+ Nd7 27.
Qxc6+ Kb8 28. Rxd7 Qc8 29. Qb5+ Qb7 30. Qxb7# 1-0

[Event "106149 XI. Rakosmente Open"]
[Site "Budapest, Hungary"]
[Date "2015.01.11"]
[Round "6.5"]
[White "Csiki, Endre"]
[Black "Novak, Levente Peter"]
[Result "1-0"]
[WhiteElo "1658"]
[BlackElo "1396"]
[PlyCount "89"]
[EventDate "2015.??.??"]

1. e4 c5 2. c3 d5 3. exd5 Qxd5 4. d4 Nc6 5. Nf3 cxd4 6. cxd4 e5 7. dxe5 Qxd1+
8. Kxd1 Bg4 9. Bf4 Bc5 10. Ke1 Bxf3 11. gxf3 Nd4 12. Bd3 Nxf3+ 13. Kf1 Bd4 14.
Nc3 f6 15. Nb5 fxe5 16. Nc7+ Kd7 17. Nxa8 exf4 18. Bf5+ Kd6 19. Rd1 Ne7 20. Be4
Rxa8 21. Bxf3 Ke5 22. Kg2 Nf5 23. Rhe1+ Kf6 24. Bd5 Kg5 25. Re2 Bf6 26. b3 Rd8
27. Red2 b6 28. Kf3 Re8 29. Rg1+ Kh6 30. Kg2 Rd8 31. Rgd1 Bg5 32. Rd3 Re8 33.
Bc4 Bf6 34. Bb5 Re5 35. Rd5 Nh4+ 36. Kh1 Re4 37. a4 a5 38. Rd6 Nf5 39. Rxb6 Rb4
40. Ra6 Rxb3 41. Rxa5 Bd4 42. Bc4 Rb4 43. Rxf5 Rxc4 44. Rxf4 Rxa4 45. Rfxd4 1-0

[Event "106149 XI. Rakosmente Open"]
[Site "Budapest, Hungary"]
[Date "2015.01.11"]
[Round "6.6"]
[White "Posztos, Marcell"]
[Black "Geher, Koppany"]
[Result "0-1"]
[WhiteElo "1499"]
[BlackElo "1395"]
[PlyCount "130"]
[EventDate "2015.??.??"]

1. e4 e6 2. d4 d5 3. exd5 exd5 4. Bd3 Bd6 5. Nf3 Bg4 6. h3 Bh5 7. Nbd2 Nf6 8.
O-O O-O 9. Re1 Nbd7 10. c3 Bg6 11. Nb3 c6 12. Bxg6 hxg6 13. Bg5 Qc7 14. Qc2 Ne4
15. Be3 Rac8 16. Nbd2 Nxd2 17. Bxd2 Rfe8 18. c4 dxc4 19. Qxc4 Nb6 20. Qb3 Nd5
21. Rac1 Qb6 22. Qxb6 Nxb6 23. Ba5 Nd5 24. Bd2 Bf4 25. Bxf4 Nxf4 26. Rcd1 Nd5
27. Kf1 Kf8 28. Ne5 g5 29. Nc4 Rcd8 30. Ne3 Re7 31. Nxd5 Rxd5 32. Re3 Red7 33.
Rde1 Rd8 34. Re7 R5d7 35. Rxd7 Rxd7 36. Re4 f5 37. Re5 g6 38. Ra5 b6 39. Ra4 a5
40. Rc4 Rd6 41. Ke2 Ke7 42. Ke3 Re6+ 43. Kd3 Kd6 44. b4 b5 45. Rc2 axb4 46. Rb2
Kd5 47. Rxb4 Re1 48. Rb2 Rd1+ 49. Ke2 Rxd4 50. Rc2 c5 51. a3 c4 52. Rc3 Kc5 53.
Rg3 b4 54. axb4+ Kxb4 55. Rxg5 Rd6 56. g4 fxg4 57. Rxg4 Kb3 58. Rg5 c3 59. Rb5+
Kc2 60. Rb7 Re6+ 61. Kf3 Kc1 62. Kg2 Re2 63. Rb6 c2 64. Rxg6 Kd1 65. Rd6+ Rd2
0-1

[Event "106149 XI. Rakosmente Open"]
[Site "Budapest, Hungary"]
[Date "2015.01.11"]
[Round "6.7"]
[White "Csermely, Zoltan"]
[Black "Szabo, Mihaly"]
[Result "1-0"]
[WhiteElo "1652"]
[BlackElo "1486"]
[PlyCount "93"]
[EventDate "2015.??.??"]

1. Nf3 Nf6 2. b3 g6 3. Bb2 Bg7 4. c4 c5 5. e3 b6 6. d4 cxd4 7. exd4 Bb7 8. Nbd2
O-O 9. Bd3 d5 10. O-O Nbd7 11. Qe2 e6 12. Ne5 Nxe5 13. dxe5 Nd7 14. f4 Re8 15.
Nf3 Nc5 16. Bc2 h6 17. Rad1 Qc7 18. b4 Na6 19. Ba4 Red8 20. cxd5 exd5 21. Rc1
Qe7 22. a3 Rac8 23. Nd4 Nb8 24. Qd2 Ba6 25. b5 Bb7 26. Rfe1 Rxc1 27. Rxc1 Rc8
28. Rxc8+ Bxc8 29. Nb3 Bb7 30. Qc1 Qd8 31. Bd4 Qc8 32. Qxc8+ Bxc8 33. Kf2 Bf8
34. Bb2 Be6 35. Nd4 Nd7 36. Nxe6 fxe6 37. Bc2 Bc5+ 38. Kf3 Kf7 39. g4 Nf8 40.
h4 Be7 41. h5 g5 42. f5 Bc5 43. a4 Bg1 44. Ba3 Bc5 45. Bxc5 bxc5 46. a5 Nd7 47.
fxe6+ 1-0

[Event "106149 XI. Rakosmente Open"]
[Site "Budapest, Hungary"]
[Date "2015.01.11"]
[Round "6.9"]
[White "Horvath, Zoltan"]
[Black "Csajbok, Levente Tamas"]
[Result "0-1"]
[WhiteElo "1406"]
[BlackElo "1509"]
[PlyCount "98"]
[EventDate "2015.??.??"]

1. e4 e5 2. Nf3 Nc6 3. d4 exd4 4. Nxd4 Bc5 5. Be3 Qf6 6. c3 Nge7 7. Bc4 a6 8.
O-O Ne5 9. Bb3 Qg6 10. Nd2 d5 11. exd5 Bh3 12. g3 Bxf1 13. Qxf1 O-O 14. N4f3
Nxf3+ 15. Nxf3 Bxe3 16. fxe3 Qe4 17. Re1 h6 18. c4 Rad8 19. Nd2 Qg4 20. e4 Kh8
21. Bd1 Qg6 22. Qf4 Qb6+ 23. Kh1 Qxb2 24. Bb3 Ng6 25. Qe3 c6 26. Rb1 Qe5 27.
Nf3 Qe7 28. Bc2 cxd5 29. cxd5 Rxd5 30. a3 Rc5 31. Nd4 Rd8 32. Bd1 Rc4 33. Nf5
Qxe4+ 34. Qxe4 Rxe4 35. Bf3 Re5 36. g4 Ne7 37. Ng3 Rb5 38. Re1 Ng6 39. a4 Rb2
40. h3 Nf4 41. h4 Rdd2 42. Ne2 Nxe2 43. Kg2 Nd4+ 44. Kg3 Nxf3 45. Kxf3 Rd3+ 46.
Kf4 Rb4+ 47. Kf5 Rd5+ 48. Re5 Rxe5+ 49. Kxe5 Rxa4 0-1